000
00354nam a2200145Ia 4500
008
090124s9999 xx 000 0 und d
082
_b
303608
245
_a
कमलपत्र
250
_a
1
260
_b
पै शिरीष
_c
1998
300
_a
190
630
_a
कमलपत्र
730
_a
कमलपत्र
942
_c
BOOK
999
_c
193245
_d
193245